00269 a2200121 4500001000700000020000600007040001100013100002100024240004500045245004000090362000900130440000800139164532 a  cMagnum aIacocca, Liliana10aA estranha tia da rua dos maracujaslpor10aA estranha tia da rua dos maracujas0 a1899 1aFTD